000 00337nam a22001457a 4500
999 _c478239
_d478239
003 NUST
005 20180425050554.0
008 180425b ||||| |||| 00| 0 eng d
082 _a330.9 GOL
100 _4Claudia Goldin
245 _aHandbook of cliometrics, Human Capital
260 _aUK
_c2014
300 _a40p
942 _2ddc
_cCS